00343nam a2200133 a 4500020001800000082001300018100001800031245004800049260003800097300000800135500003500143650001300178700001800191 a978818952433300a294bKIN aKing, Richard aOrientalism and the Myth of Modern Hinduism aNew Delhi bCritical Quest c2008 a40p aincludes index and biblioraphy aHinduism1 aKing, Richard